Deck the halls. Animated displays III : Mechanical puzzles (Record no. 65554)
[ view plain ]
| 000 -CABECERA | |
|---|---|
| campo de control de longitud fija | 00624nam a2200241 a 4500 |
| 005 - FECHA Y HORA DE LA ÚLTIMA TRANSACCIÓN | |
| campo de control | 20210219153003.0 |
| 008 - ELEMENTOS DE LONGITUD FIJA--INFORMACIÓN GENERAL | |
| campo de control de longitud fija | 991125n 000 0 u |
| 035 ## - NÚMERO DE CONTROL DEL SISTEMA | |
| Número de control de sistema | UPN01000071092 |
| 100 ## - ASIENTO PRINCIPAL--NOMBRE PERSONAL | |
| Nombre de persona | Pizzo, Joe |
| 222 ## - TÍTULO CLAVE | |
| Título clave | PHYSICS TEACHER |
| 245 ## - MENCIÓN DE TÍTULO | |
| Título | Deck the halls. Animated displays III : Mechanical puzzles |
| 300 ## - DESCRIPCIÓN FÍSICA | |
| Extensión | 32-37 |
| 362 ## - FECHAS DE PUBLICACIÓN Y/O DESIGNACIÓN SECUENCIAL | |
| Fecha de publicación y/o designación secuencial | 31, No. 1, 1993 |
| 505 ## - NOTA DE CONTENIDO CON FORMATO PREESTABLECIDO | |
| Nota de contenido con formato | Septiembre 1993 |
| 653 0# - TERMINO DE INDIZACION - NO CONTROLADO | |
| Término no controlado | CONFUSION |
| 653 0# - TERMINO DE INDIZACION - NO CONTROLADO | |
| Término no controlado | EXPOSICIONES |
| 653 0# - TERMINO DE INDIZACION - NO CONTROLADO | |
| Término no controlado | FISICA |
| 653 0# - TERMINO DE INDIZACION - NO CONTROLADO | |
| Término no controlado | GRAVEDAD FISICA |
| 653 0# - TERMINO DE INDIZACION - NO CONTROLADO | |
| Término no controlado | MECANICA (FISICA) |
| 653 0# - TERMINO DE INDIZACION - NO CONTROLADO | |
| Término no controlado | RESOLUCION DE PROBLEMAS |
| 904 ## - ELEMENTOS DE DATOS D LOCAL, LDD (RLIN) | |
| a | AC |
| b | 008903 |
| 905 ## - TIPO DE MATERIAL | |
| Tipo de material | Articulo |
No items available.
